National development strategies : policy notes.
| Published: |
New York:
United Nations,
2008.
|
|---|---|
| Subjects: |
| LEADER | 00447cam a2200145 7i4500 | ||
|---|---|---|---|
| 001 | 0000052535 | ||
| 005 | 20190506090000.0 | ||
| 020 | |a 9789211045796 (pbk.) | ||
| 090 | 0 | 0 | |a HC59.3 |b .N47 2008 |
| 245 | 0 | 0 | |a National development strategies : |b policy notes. |
| 260 | |a New York: |b United Nations, |c 2008. | ||
| 300 | |a xxv, 349 p.; |c 23 cm. | ||
| 650 | 0 | 0 | |a Economic development |
| 650 | 0 | 0 | |a Economic policy |
| 999 | |a 0000066903 |b BOK |c OPEN SHELF |e 1st Floor, Bestari Jaya | ||


